000 00781cam a2200205 4500
001 WB3539-13
008 000000n1999 000 0 eng u
035 _a(Sirsi) u100252
245 _aLandlords not out of the woods yet
260 _c1999
490 _aTimes
_v 2 October 1999, 61(1)
520 _aDespite rising interest rates, the letting market remains slow. New figures released by the Association of Residential Letting Agents (ARLA) show that average gross yields across the UK have fallen from 9.5% to 8% since September 1998.
590 _aWB
650 _aASSOCIATION OF RESIDENTIAL LETTING AGENTS
650 _aLETTING MARKET
650 _aYIELDS
650 _aLANDLORDS
690 _aPROPERTY-RESIDENTIAL PROPERTY-RESIDENTIAL PROPERTY MARKET
942 _n0
999 _c60034
_d60034